ბათუმის შოთა რუსთაველის სახელმწიფო უნივერსიტეტის ბიბლიოთეკა

Первобытные люди. Быт, религия, культура : (ბიბ.ჩანაწერი № 60800)

000 -LEADER
fixed length control field 00776nam a22001817a 4500
005 - DATE AND TIME OF LATEST TRANSACTION
control field 20231024102529.0
008 - FIXED-LENGTH DATA ELEMENTS--GENERAL INFORMATION
fixed length control field 231024s2005 ru ||||| |||| 00| 0 rus d
020 ## - INTERNATIONAL STANDARD BOOK NUMBER
International Standard Book Number 5952416942
041 ## - LANGUAGE CODE
Language code of text/sound track or separate title rus
080 ## - UNIVERSAL DECIMAL CLASSIFICATION NUMBER
Universal Decimal Classification number 902 K-32
100 ## - MAIN ENTRY--PERSONAL NAME
Personal name Квеннелл, Марджори
9 (RLIN) 20200
245 ## - TITLE STATEMENT
Title Первобытные люди. Быт, религия, культура :
Statement of responsibility, etc. Марджори Квеннелл , Чарльз Квеннелл.
264 ## - PRODUCTION, PUBLICATION, DISTRIBUTION, MANUFACTURE, AND COPYRIGHT NOTICE
Place of production, publication, distribution, manufacture Москва :
Name of producer, publisher, distributor, manufacturer Центрполиграф,
Date of production, publication, distribution, manufacture, or copyright notice 2005.
300 ## - PHYSICAL DESCRIPTION
Extent 236 стр.:
Other physical details ил.;
Dimensions 20 см.
653 ## - INDEX TERM--UNCONTROLLED
keyword პრიმიტიული ხალხი. ცხოვრება, რელიგია, კულტურა
700 ## - ADDED ENTRY--PERSONAL NAME
Personal name Квеннелл, Чарльз
Relator term ავტორი
9 (RLIN) 20201
942 ## - ADDED ENTRY ELEMENTS (KOHA)
Source of classification or shelving scheme
Koha item type წიგნი

არაა ხელმისაწვდომი ეგზემპლარები.